| 000 | 00358nam a2200133Ia 4500 | ||
|---|---|---|---|
| 008 | 150202s9999 xx 000 0 und d | ||
| 020 | _a446363448 | ||
| 050 |
_aFIC _bFIC |
||
| 100 | _aGranger, Bill. | ||
| 245 | 4 |
_aThe last good German / _cBill Granger. |
|
| 260 |
_aNew York : _bWarner Books, _c1991. |
||
| 300 |
_a257 pages : _c18 cm. |
||
| 650 | _aFiction. | ||
| 999 |
_c282069 _d282069 |
||